000 00392nam a2200193Ia 4500
001 003796
003 YMCAF
005 20230512160234.0
008 100717s1971 ||||||||||||||||| ||und|d
024 _a3796
035 _a3775
040 _aYMCAF
_beng
_cIN-KoLT
041 _aeng
100 _aAllahabad
245 0 _aElectricity act
260 _c1971
300 _a10
942 _2ddc
_cBK
999 _c3005
_d3005